00299nam a22001097a 4500082001700000100002800017245005500045260004400100300001100144563000800155650002600163 a341.481bNAD aNadeem, Mian Saddat Ali aEastern Human Rights Law /cMian Saddat Ali Nadeem aLahore :bEastern Law Book House,cN.A. a283 p. aHB. aLaw, Human Rights Law